| 000 | 01174nam a2200337 4500 | ||
|---|---|---|---|
| 003 | EG-GICUC | ||
| 005 | 20260510185617.0 | ||
| 008 | 260419s1953 ne b|||f |||| 00| 0 eng d | ||
| 040 |
_a EG-GICUC _beng _c EG-GICUC _d EG-GICUC _erda |
||
| 041 |
_aeng _heng _hfre |
||
| 082 | 0 | 4 |
_a341.511 _bIN.M _221 |
| 092 | 0 | 4 | _221 |
| 099 | _aLaw1 11 341.511 IN.M 1953 | ||
| 110 |
_kInternational Court Of Justic _eAuthor. |
||
| 245 | 1 | 4 |
_aThe Minquiers And Ecrehos Case : _bUnited Kingdom France. _nV1 / _c International Court Of Justic. |
| 246 | 1 | _aAffaire Des Minquiers Et Des Écréhous | |
| 264 | 1 |
_aNetherlands: _bInternational court of Justic, _c1953. |
|
| 300 |
_a737 Pages ; _c24 Cm. _billustrations, Maps , |
||
| 336 |
_2rda content _atext |
||
| 337 |
_2rda media _aComputer |
||
| 338 |
_2rda carrier _aOnline Resource |
||
| 490 | _aPLEADINGS, ORAL ARGUMENTS, DOCUMENTS | ||
| 500 | _aIncludes illustrations, Maps . | ||
| 546 | _aParallel text in English and French | ||
| 650 | 1 | 4 | _ainternational law |
| 650 | 1 | 4 | _aInternational courts |
| 651 | 1 | _2qrmak | |
| 856 | 4 | 0 | _uhttps://fll.law.cu.edu.eg/fulltext/bks/B11-07168.pdf |
| 905 | _a60 | ||
| 942 |
_2ddc _cBK _e21 _n0 |
||
| 999 |
_c71795 _d71795 |
||